000 01153cam a2200373 4500
001 125
005 20151026165406.0
010 _a9725632672
010 _a9725632699
010 _a9725632710
021 _aPT
_b166193/01
021 _aPT
_b173161/01
021 _aPT
_b187772/02
035 _a(bn)1076950
090 _a125
100 _a20020220g20012002me y0pory5003 ba
101 1 _cspa
105 _ay z 001yy
106 _ar
200 1 _aCelebrações dominicais e festivas sem sacerdote
_fOctávio Hidalgo
_gtrad. Bernardino P. Henriques
210 _aVila Nova de Gaia
_cPerpétuo Socorro,
_d2001
215 _a3 v.
_d21 cm
225 2 _aComunidade viva
_v20, 21, 22
304 _aTít. orig.: Celebraciones dominicales y festivas sin sacerdote
327 1 _a1<U+00BA> v.: Ano A : 364, [3] p.
_a2<U+00BA> v.: Ano B : 423 p.
_a3<U+00BA> v.: Ano C : 385, [3] p.
500 0 0 _aLiturgia e ritual
600 _aOctávio Hidalgo
601 _aEditorial Perpétuo Socorro
675 _a2
_vBN
_zpor
675 _a264
_vUPS
_zpor
700 1 _aHidalgo,
_bOctávio
702 1 _aHenriques,
_bBernardino
_4730
712 0 2 _aIgreja Católica.
942 _cBK